KOHA-Header-6

Elements of Discrete Mathematics (Record no. 6631)

000 -LEADER
fixed length control field 00253nam a2200109Ia 4500
100 ## - MAIN ENTRY--AUTHOR NAME
Personal name Lui, C.H
245 #0 - TITLE STATEMENT
Title Elements of Discrete Mathematics
260 ## - PUBLICATION, DISTRIBUTION, ETC. (IMPRINT)
Place of publication UK
Name of publisher Pearson
Year of publication 2000
300 ## - PHYSICAL DESCRIPTION
Number of Pages 358
942 ## - ADDED ENTRY ELEMENTS (KOHA)
Koha item type Books
Holdings
Withdrawn status Lost status Permanent Location Current Location Date acquired Full call number Accession Number Koha item type
    MAJU MAJU 2019-09-11 511 13 Books

Powered by Koha